Ils portent le prénom le plus donné leur année de naissance - Statistiques

Statistiques générales
  • Ce quiz a été pris 27 fois
  • Le résultat moyen est 11 sur 82
Statistiques - réponses
Date de naissance Initiales Nom Indice % Correct
30 juillet 1948 JR Reno Acteur
61%
17 mai 1904 JG Gabin Acteur
57%
20 juin 1928 JMLP Le Pen Homme politique (Jean-Marie)
57%
11 octobre 1951 JJG Goldman Auteur-compositeur-interprète (Jean-Jacques)
52%
13 mars 1957 JYL Lafesse Humoriste (Jean-Yves)
52%
30 juillet 1970 CN Nolan Réalisateur britannique (Christopher)
52%
17 mai 1954 JMB Bigard Humoriste (Jean-Marie)
48%
8 décembre 1977 SC Chabal Rugbyman
39%
1er mars 1936 JEH Hallier Ecrivain (Jean-Edern)
35%
10 juillet 1945 JMP Poiré Réalisateur (Jean-Marie)
35%
16 juin 1925 JDO D'Ormesson Ecrivain
30%
11 décembre 1913 JM Marais Acteur
30%
25 janvier 1950 JMA Ayrault Homme politique (Jean-Marc)
26%
27 mars 1980 ND Duvauchelle Acteur
26%
2 décembre 1966 PE Etchebest Cuisinier
26%
29 mai 1978 SG Grosjean Tennisman
26%
21 janvier 1982 NM Mahut Tennisman
26%
1er février 1940 JMP Périer Photographe
26%
11 avril 1918 JCSS Servan-Schreiber Homme de presse (Jean-Claude)
26%
1er octobre 1942 JPJ Jabouille Coureur automobile (Jean-Pierre)
22%
18 janvier 1933 JV Vuarnet Skieur
22%
23 juin 1910 JA Anouilh Ecrivain
17%
13 janvier 1938 JC Cabut Caricaturiste
17%
24 mars 1972 CD Dugarry Footballeur
17%
15 avril 1963 PL Lucas Entraineur
17%
22 juillet 1973 CM Michalak Pâtissier
17%
29 avril 1930 JR Rochefort Comédien
17%
05 avril 1946 JFB Balmer Acteur (Jean-François)
13%
28 février 1979 SB Bourdais Pilote de kart
13%
25 avril 1920 JC Carmet Acteur
13%
15 avril 1960 PDB De Belgique Roi des Belges
13%
31 juillet 1901 JD Dubuffet Peintre
13%
17 août 1926 JP Poiret Acteur
13%
26 février 1953 JT Teulé Romancier
13%
16 janvier 1939 JVH Van Hamme Scénariste de BD
13%
5 janvier 1911 JPA Aumont Comédien (Jean-Pierre)
9%
26 avril 1937 JPB Beltoise Coureur automobile (Jean-Pierre)
9%
20 mars 1971 SH Heulot Coureur cycliste
9%
7 janvier 1922 JPR Rampal Flûtiste (Jean-Pierre)
9%
18 avril 1921 JR Richard Acteur
9%
21 mai 1932 JS Stablinski Cycliste
9%
24 août 1923 JMT Thibault Comédien (Jean-Marc)
9%
26 avril 1905 JV Vigo Cinéaste
9%
25 mars 1912 JV Vilar Acteur
9%
1er octobre 1929 JA Amadou Humoriste
4%
26 novembre 1927 JPD Darras Acteur (Jean-Pierre)
4%
12 janvier 1908 JD Delannoy Cinéaste
4%
13 avril 1949 JJF Favier Spationaute (Jean-Jacques)
4%
11 avril 1934 JL Lanzi Journaliste
4%
3 mai 1955 JL Lassalle Homme politique
4%
3 octobre 1919 JL Lefebvre Acteur
4%
1er février 1952 JR Roucas Humoriste
4%
25 mars 1906 JS Sablon Chanteur
4%
10 février 1947 JCT Tapie Entrepreneur (Jean-Claude)
4%
18 mars 1915 JA Anglade Ecrivain
0%
18 novembre 1981 NA Anot Volleyeur
0%
8 avril 1944 JB Benguigui Acteur
0%
13 août 1959 PB Bonifay Scénariste de BD
0%
27 décembre 1969 JCB Bouillon Coureur automobile (Jean Christophe)
0%
12 septembre 1962 PC Cassart Pianiste
0%
4 février 1914 JC Chabot Peintre
0%
23 mai 1961 PC Cochet Homme politique
0%
6 novembre 1931 JC Cueff Footballeur
0%
26 mars 1974 SD Declercq Ecrivain
0%
5 juin 1967 CD Delay Journaliste
0%
12 août 1941 JD Drucker Dirigeant de télévision
0%
12 février 1902 JD Dulac Peintre et Sculpteur
0%
8 août 1968 CD Dupouey Cycliste
0%
26 janvier 1958 PF Faucon Réalisateur
0%
15 avril 1907 JF Fourastié Economiste
0%
14 juin 1903 JAGC Grand-Carteret Peintre (Jean-Albert)
0%
2 février 1916 JH Hamelin Homme politique
0%
23 janvier 1935 JJ Jarosz Homme politique
0%
21 janvier 1964 PL Lelièvre Comédien
0%
30 octobre 1909 JLM Le Moal Peintre
0%
23 septembre 1924 JP Piat Acteur
0%
16 juillet 1965 TP Picard Rugbyman
0%
31 mai 1917 JR Rouch Cinéaste
0%
6 juillet 1975 SR Rulli Acteur (Sebastian)
0%
27 octobre 1943 JS Schultheis Chanteur
0%
22 septembre 1956 JCS Servais Scénariste de BD (Jean-Claude)
0%
26 août 1976 SV Vieilledent Rameur
0%
Aucun quiz correspondant
Distribution des résultats
% des personnes avec chaque résultat
Percentile par nombre de réponses
Votre historique - résultats
Vous n’avez pas pris ce quiz